000 00668nam a2200205Ia 4500
001 23409
003 GE_BSU
008 181216s||||||||xx |||||||||||||| ||und||
040 _cGE_BSU
245 _aПолитическая наука.№2, 2018
245 _bполитическая организация разделенных обществ
245 _cГл.ред Мелешкина Е.Ю. Ред.О.Г.Харитонова
260 _aМосква
260 _c2018
300 _a309 стр. 20см.
653 _aПериодика
653 _aПолитическая наука.№2, 2018
653 _aპერიოდიკა
942 _cCR
999 _c56296
_d56296